[Event "Szczecin Stoczni Nowa Cup"]
[Site "Szczecin"]
[Date "2008.10.11"]
[Round "7.3"]
[White "Pulka, Bartosz"]
[Black "Jacek, Roksana"]
[Result "1-0"]
[WhiteElo "2043"]
[BlackElo "1619"]
[PlyCount "55"]
[EventDate "2008.10.03"]
[EventType "swiss"]
[EventRounds "9"]
[EventCountry "POL"]
[SourceTitle "EXT 2023"]
[Source "ChessBase"]
[SourceDate "2022.10.05"]
[SourceVersion "1"]
[SourceVersionDate "2022.10.05"]
[SourceQuality "1"]

1. d4 d5 2. c4 e6 3. Nf3 Nf6 4. g3 c6 5. Bg2 Be7 6. 0-0 Nbd7 7. Qc2 0-0 8. b3 dxc4 9. bxc4 c5 10. e3 Qc7 11. Rd1 Nb6 12. Na3 Bd7 13. Nb5 Qc8 14. Ne5 cxd4 15. Nxd7 Nfxd7 16. Nxd4 Nxc4 17. Bxb7 Qxb7 18. Qxc4 Rfc8 19. Qe2 Qe4 20. f3 Qg6 21. e4 Bc5 22. Be3 Rab8 23. Rac1 Nb6 24. Kg2 Ba3 25. Nc6 Rb7 26. Bxb6 Bxc1 27. Rxc1 axb6 28. Ne7+ 1-0

[Event "Szczecin Stoczni Nowa Cup"]
[Site "Szczecin"]
[Date "2008.10.05"]
[Round "4.3"]
[White "Pulka, Bartosz"]
[Black "Korbal, Arkadiusz"]
[Result "1-0"]
[WhiteElo "2043"]
[BlackElo "2002"]
[PlyCount "79"]
[EventDate "2008.10.03"]
[EventType "swiss"]
[EventRounds "9"]
[EventCountry "POL"]
[SourceTitle "EXT 2023"]
[Source "ChessBase"]
[SourceDate "2022.10.05"]
[SourceVersion "1"]
[SourceVersionDate "2022.10.05"]
[SourceQuality "1"]

1. d4 Nf6 2. c4 e6 3. Nf3 Bb4+ 4. Nc3 c5 5. e3 0-0 6. Bd3 d5 7. 0-0 cxd4 8. exd4 b6 9. Bg5 h6 10. Bh4 Nbd7 11. Ne5 Bb7 12. Nxd7 Qxd7 13. Bxf6 gxf6 14. Qg4+ Kh8 15. Qf4 Kg7 16. Qg4+ Kh8 17. Qh4 Kg7 18. cxd5 Bxc3 19. dxe6 Qd5 20. Qg3+ Kh8 21. Qh3 Bd2 22. f4 Qxd4+ 23. Rf2 f5 24. Qxh6+ Kg8 25. Bxf5 Qg7 26. Qxg7+ Kxg7 27. Rxd2 Kf6 28. g4 fxe6 29. Rd6 Rae8 30. Re1 Bc8 31. Bxe6 Rxe6 32. Rexe6+ Bxe6 33. f5 Kg5 34. fxe6 Kxg4 35. e7 Rc8 36. Re6 Kf5 37. Re3 Kf6 38. Kf2 Kf7 39. Ke2 a5 40. a4 1-0

[Event "Szczecin Stoczni Nowa Cup"]
[Site "Szczecin"]
[Date "2008.10.04"]
[Round "2.5"]
[White "Pulka, Bartosz"]
[Black "Groblewski, Grzegorz"]
[Result "1-0"]
[WhiteElo "2043"]
[BlackElo "1800"]
[PlyCount "124"]
[EventDate "2008.10.03"]
[EventType "swiss"]
[EventRounds "9"]
[EventCountry "POL"]
[SourceTitle "EXT 2023"]
[Source "ChessBase"]
[SourceDate "2022.10.05"]
[SourceVersion "1"]
[SourceVersionDate "2022.10.05"]
[SourceQuality "1"]

1. d4 Nf6 2. Nf3 d5 3. c4 Bg4 4. Ne5 c6 5. Nxg4 Nxg4 6. e4 Nf6 7. e5 Ne4 8. f3 e6 9. fxe4 Qh4+ 10. Ke2 Qxe4+ 11. Kf2 Nd7 12. Nc3 Qf5+ 13. Kg1 Nxe5 14. h4 Ng4 15. Qf3 dxc4 16. Qxf5 exf5 17. Bxc4 Rd8 18. Ne2 Bd6 19. Bg5 Rd7 20. Rf1 g6 21. h5 f6 22. Bd2 Rf8 23. Rh3 Kd8 24. Bf4 Bb4 25. Bb8 b5 26. Bb3 Re8 27. Nf4 Kc8 28. Be6 Rxe6 29. Nxe6 Kxb8 30. a3 Bd6 31. hxg6 hxg6 32. Rh8+ Kb7 33. Rc1 Re7 34. Nd8+ Kc7 35. Nxc6 Bf4 36. Nxe7+ Bxc1 37. Rc8+ Kd7 38. Rxc1 Kxe7 39. Rc7+ Kd6 40. Rxa7 g5 41. Ra5 Kc6 42. d5+ Kb6 43. d6 Ne5 44. Ra8 Kc6 45. Rf8 Nd7 46. Rc8+ Kxd6 47. Kf1 f4 48. Ke2 Ne5 49. b3 g4 50. Rf8 Nd7 51. Rc8 f5 52. a4 Ne5 53. a5 Nc6 54. a6 Kd7 55. Rf8 Kc7 56. a7 Nxa7 57. Rxf5 f3+ 58. gxf3 gxf3+ 59. Kxf3 Nc6 60. Ke4 Kb6 61. Rf6 Kc5 62. Rh6 Kb6 1-0